[Event "Heusenstamm Sparkassen op-B 7th"]
[Site "Heusenstamm"]
[Date "2021.11.21"]
[Round "6.36"]
[White "Koeberl, Christiane"]
[Black "Boll, Nils"]
[Result "1/2-1/2"]
[WhiteElo "1680"]
[BlackElo "1406"]
[PlyCount "56"]
[EventDate "2021.11.18"]
[EventType "swiss"]
[EventRounds "7"]
[EventCountry "GER"]
[SourceTitle "EXT 2023"]
[Source "ChessBase"]
[SourceDate "2022.10.05"]
[SourceVersion "1"]
[SourceVersionDate "2022.10.05"]
[SourceQuality "1"]

1. d4 Nf6 2. c4 e6 3. Nc3 Bb4 4. Bg5 d5 5. e3 c5 6. Nf3 cxd4 7. Bxf6 Qxf6 8. exd4 dxc4 9. Qa4+ Nc6 10. Ne5 Bxc3+ 11. bxc3 Bd7 12. Nxd7 Kxd7 13. Bxc4 a6 14. Qd1 b5 15. Be2 Rhd8 16. 0-0 Ke8 17. Bf3 Rac8 18. Qb1 Qg6 19. Be4 Qf6 20. a4 bxa4 21. Rxa4 Nb8 22. Qa1 Rd6 23. Ra5 Qf4 24. Bb7 Rc7 25. Qa4+ Ke7 26. Bxa6 Nxa6 27. Rxa6 Rxa6 28. Qxa6 Rxc3 1/2-1/2